[Event "Frankfurt-chA"]
[Site "Frankfurt"]
[Date "2018.06.11"]
[Round "6"]
[White "Hagel, Stephan"]
[Black "Steiz, Johann"]
[Result "0-1"]
[WhiteElo "1548"]
[BlackElo "1681"]
[PlyCount "32"]
[EventDate "2018.04.30"]
[EventType "swiss"]
[EventRounds "7"]
[EventCountry "GER"]
[SourceTitle "EXT 2019"]
[Source "ChessBase"]
[SourceDate "2018.10.10"]
[SourceVersion "1"]
[SourceVersionDate "2018.10.10"]
[SourceQuality "1"]

1. e4 e6 2. d3 d5 3. Nd2 Nf6 4. Ngf3 Bc5 5. d4 Bb6 6. e5 Nfd7 7. Bd3 c5 8. c3 Nc6 9. dxc5 Nxc5 10. Bc2 Nd7 11. Qe2 Bc7 12. c4 Ndxe5 13. cxd5 Qxd5 14. Be4 Qd6 15. 0-0 Nxf3+ 16. Nxf3 Nd4 0-1

[Event "Frankfurt-chA"]
[Site "Frankfurt"]
[Date "2017.05.08"]
[Round "3"]
[White "Hagel, Stephan"]
[Black "Urbach, Jens"]
[Result "1-0"]
[WhiteElo "1570"]
[BlackElo "1407"]
[PlyCount "103"]
[EventDate "2017.04.24"]
[EventType "swiss"]
[EventRounds "7"]
[EventCountry "GER"]
[SourceTitle "EXT 2018"]
[Source "ChessBase"]
[SourceDate "2017.10.13"]
[SourceVersion "1"]
[SourceVersionDate "2017.10.13"]
[SourceQuality "1"]

1. e4 e6 2. d3 Nc6 3. Nf3 d5 4. Nbd2 dxe4 5. dxe4 e5 6. Bc4 h6 7. 0-0 Nf6 8. h3 Bd6 9. Re1 0-0 10. b3 Re8 11. Bb2 Be6 12. Bb5 Bd7 13. Nc4 a6 14. Bxc6 Bxc6 15. Nxd6 cxd6 16. Qd3 Qc7 17. c4 Rad8 18. Nd2 Rd7 19. f3 Nh5 20. Nf1 Nf4 21. Qd2 Re6 22. Ne3 Qb6 23. Rac1 Rg6 24. Kf1 Qd8 25. Rc2 Qg5 26. Kf2 Qg3+ 27. Kf1 Qh2 28. Re2 Nxh3 29. Ke1 Qg3+ 30. Kd1 Nf4 31. Rf2 Rg5 32. Nf1 Qh4 33. g3 Rxg3 34. Nxg3 Qxg3 35. Qe3 Qg1+ 36. Kd2 Ng2 37. Qe2 Nf4 38. Qf1 Qg5 39. Kc3 b5 40. Bc1 Qd8 41. Bxf4 exf4 42. Kb2 b4 43. Rcd2 Qf6+ 44. Kb1 a5 45. Qd1 a4 46. Rd4 axb3 47. axb3 Ra7 48. Ra2 Ra3 49. Rxa3 bxa3 50. Ka2 Bxe4 51. fxe4 d5 52. exd5 1-0

[Event "Frankfurt-chB"]
[Site "Frankfurt"]
[Date "2016.05.30"]
[Round "5"]
[White "Woehl, Torsten"]
[Black "Hagel, Stephan"]
[Result "0-1"]
[WhiteElo "1363"]
[BlackElo "1388"]
[PlyCount "70"]
[EventDate "2016.04.25"]
[EventType "swiss"]
[EventRounds "9"]
[EventCountry "GER"]
[SourceTitle "EXT 2018"]
[Source "ChessBase"]
[SourceDate "2017.10.13"]
[SourceVersion "1"]
[SourceVersionDate "2017.10.13"]
[SourceQuality "1"]

1. d4 Nf6 2. Bf4 e6 3. e3 c5 4. c3 Nc6 5. Nf3 d5 6. h3 Bd6 7. Bh2 Bxh2 8. Nxh2 c4 9. b3 b5 10. bxc4 bxc4 11. Qf3 0-0 12. Be2 Qa5 13. Bxc4 Ne4 14. 0-0 Nxc3 15. Nxc3 Qxc3 16. Rfc1 Qa5 17. Bd3 Nb4 18. Rc5 Qa3 19. Bc4 Rb8 20. Bb3 Qb2 21. Qd1 Ba6 22. Rb1 Qa3 23. Qd2 Rfc8 24. Nf3 Rxc5 25. dxc5 Nd3 26. c6 Rc8 27. Nd4 Ne5 28. Qc3 Bc4 29. f4 Nxc6 30. Nc2 Qa5 31. Qb2 Bxb3 32. axb3 h6 33. Ra1 Qd2 34. Qc1 Qxc1+ 35. Rxc1 Nb4 0-1

[Event "Frankfurt-chB"]
[Site "Frankfurt"]
[Date "2016.05.09"]
[Round "3"]
[White "Pessotschinski, Eduard"]
[Black "Hagel, Stephan"]
[Result "0-1"]
[WhiteElo "1040"]
[BlackElo "1388"]
[PlyCount "62"]
[EventDate "2016.04.25"]
[EventType "swiss"]
[EventRounds "9"]
[EventCountry "GER"]
[SourceTitle "EXT 2018"]
[Source "ChessBase"]
[SourceDate "2017.10.13"]
[SourceVersion "1"]
[SourceVersionDate "2017.10.13"]
[SourceQuality "1"]

1. e4 c5 2. f4 Nc6 3. Nf3 d6 4. Bb5 Bd7 5. Nc3 a6 6. Ba4 b5 7. Nxb5 axb5 8. Bxb5 Nf6 9. d3 Qa5+ 10. Bd2 Qxb5 11. 0-0 Bg4 12. b3 Bxf3 13. Qxf3 e6 14. c4 Qb6 15. Bc3 Nd4 16. Qf2 Be7 17. Rfe1 0-0 18. h3 Qb7 19. Bxd4 cxd4 20. Qxd4 Nd7 21. Re3 Bf6 22. e5 dxe5 23. fxe5 Bg5 24. Rg3 Be7 25. Qg4 g6 26. d4 Qb6 27. h4 Nxe5 28. Qe4 Nc6 29. Rd1 Nxd4 30. Rxd4 Bc5 31. Rgd3 Rad8 0-1

[Event "Frankfurt-chB"]
[Site "Frankfurt"]
[Date "2016.05.02"]
[Round "2"]
[White "Hagel, Stephan"]
[Black "Brunner, Andreas"]
[Result "1-0"]
[WhiteElo "1388"]
[BlackElo "1300"]
[PlyCount "75"]
[EventDate "2016.04.25"]
[EventType "swiss"]
[EventRounds "9"]
[EventCountry "GER"]
[SourceTitle "EXT 2018"]
[Source "ChessBase"]
[SourceDate "2017.10.13"]
[SourceVersion "1"]
[SourceVersionDate "2017.10.13"]
[SourceQuality "1"]

1. e4 e6 2. d3 Nc6 3. Nf3 d6 4. Be3 Nf6 5. g3 b6 6. Bg2 Bb7 7. 0-0 Rb8 8. Nc3 a6 9. Qd2 Be7 10. d4 e5 11. d5 Na7 12. Bg5 Bc8 13. Bxf6 Bxf6 14. Rac1 Bg4 15. Ne1 Qd7 16. Nd3 h5 17. f3 Bh3 18. f4 Bxg2 19. Qxg2 h4 20. f5 h3 21. Qf2 Ke7 22. Ne2 Rh7 23. c4 Rbh8 24. b4 Nc8 25. c5 Qe8 26. cxd6+ Kxd6 27. Rc6+ Kd7 28. Rfc1 Bd8 29. f6 g6 30. Qf3 Nd6 31. Qg4+ Qe6 32. dxe6+ fxe6 33. Nxe5+ Kc8 34. Qxe6+ Kb7 35. Nxg6 Re8 36. Qd5 Kb8 37. Rxd6 Bxf6 38. Rxf6 1-0